[Event "Birmingham 4NCL op-B 1st"]
[Site "Birmingham"]
[Date "2015.01.31"]
[Round "2"]
[White "Lawson, Maurice Elliot"]
[Black "McCabe, Shane"]
[Result "1/2-1/2"]
[WhiteElo "1949"]
[BlackElo "1872"]
[PlyCount "146"]
[EventDate "2015.01.30"]
[EventType "swiss"]
[EventRounds "5"]
[EventCountry "ENG"]
[SourceTitle "EXT 2023"]
[Source "ChessBase"]
[SourceDate "2022.10.05"]
[SourceVersion "1"]
[SourceVersionDate "2022.10.05"]
[SourceQuality "1"]

1. e4 c6 2. d4 d5 3. exd5 cxd5 4. Bd3 Nc6 5. c3 Qc7 6. Ne2 Bg4 7. f3 Bc8 8. Bf4 Qd8 9. 0-0 e6 10. Qd2 Nf6 11. Na3 a6 12. Nc2 Be7 13. Ng3 Bd7 14. Kh1 0-0 15. Rae1 Rc8 16. Ne3 Re8 17. Ng4 Nxg4 18. fxg4 Rf8 19. Nh5 g6 20. Ng3 Bf6 21. Bh6 Bg7 22. Bxg7 Kxg7 23. g5 Ne7 24. Qf4 Nc6 25. Qh4 f5 26. gxf6+ Rxf6 27. Rf4 Rxf4 28. Qxf4 Qf8 29. Qg5 Kh8 30. Rf1 Qe7 31. Qh6 Qg7 32. Qf4 Kg8 33. Kg1 Qe7 34. Ne2 Rf8 35. Qxf8+ Qxf8 36. Rxf8+ Kxf8 37. Bc2 Ke7 38. Nf4 Kf6 39. Kf2 Be8 40. Ke3 g5 41. Nd3 Bg6 42. Bd1 b6 43. Be2 a5 44. g3 h5 45. h4 gxh4 46. gxh4 Ne7 47. Nf4 Nf5+ 48. Kd2 Ng3 49. Ke3 Nf5+ 50. Kf2 Nxh4 51. Bxh5 Bb1 52. Be8 Bxa2 53. Bd7 e5 54. dxe5+ Kxe5 55. Ne2 Ng6 56. Ke3 Bb1 57. Nd4 Ne7 58. Nc6+ Nxc6 59. Bxc6 Ba2 60. Be8 Bc4 61. Bc6 Kd6 62. Be8 Kc5 63. Bh5 b5 64. Kd2 b4 65. Kc1 bxc3 66. bxc3 a4 67. Kb2 Bb3 68. Bf7 Kd6 69. Bxd5 Kxd5 70. c4+ Kc5 71. Ka1 Kb4 72. c5 Bd5 73. c6 Bxc6 1/2-1/2

[Event "London Golders Green op U1900 5th"]
[Site "London"]
[Date "2015.01.17"]
[Round "1"]
[White "Baroukh, Leon"]
[Black "McCabe, Shane"]
[Result "1/2-1/2"]
[WhiteElo "1592"]
[BlackElo "1872"]
[PlyCount "47"]
[EventDate "2015.01.17"]
[EventType "swiss"]
[EventRounds "5"]
[EventCountry "ENG"]
[SourceTitle "EXT 2018"]
[Source "ChessBase"]
[SourceDate "2017.10.13"]
[SourceVersion "1"]
[SourceVersionDate "2017.10.13"]
[SourceQuality "1"]

1. d4 d5 2. c4 e6 3. Bf4 Nf6 4. e3 Be7 5. Nc3 0-0 6. Be2 b6 7. Nb5 Bb4+ 8. Kf1 Na6 9. a3 Be7 10. Rc1 c6 11. Nc3 Bb7 12. Nf3 Nb8 13. cxd5 Nxd5 14. Nxd5 exd5 15. h4 Nd7 16. Bd3 c5 17. Ne5 Nxe5 18. Bxe5 Rc8 19. Bxg7 Kxg7 20. Qg4+ Kh6 21. Qf4+ Kg7 22. Qg4+ Kh6 23. Qf4+ Kg7 24. Qg4+ 1/2-1/2

[Event "London Golders Green op U1900 4th"]
[Site "London"]
[Date "2014.08.24"]
[Round "3"]
[White "McCabe, Shane"]
[Black "Crouch, Timothy J"]
[Result "1-0"]
[WhiteElo "1866"]
[BlackElo "1663"]
[PlyCount "68"]
[EventDate "2014.08.23"]
[EventType "swiss"]
[EventRounds "6"]
[EventCountry "ENG"]
[SourceTitle "EXT 2018"]
[Source "ChessBase"]
[SourceDate "2017.10.13"]
[SourceVersion "1"]
[SourceVersionDate "2017.10.13"]
[SourceQuality "1"]

1. d4 d5 2. Nf3 Nf6 3. Bg5 e6 4. e3 Be7 5. Bd3 h6 6. Bh4 Nbd7 7. Nbd2 a6 8. c3 b5 9. Qe2 0-0 10. 0-0 c5 11. Rfe1 Bb7 12. Bc2 Rc8 13. Qd3 c4 14. Qe2 Ne4 15. Bxe7 Qxe7 16. a3 f5 17. Nf1 Qf6 18. N3d2 e5 19. f3 Nxd2 20. Nxd2 e4 21. f4 Qg6 22. Kh1 Nf6 23. Bd1 Bc6 24. Rg1 Be8 25. Nf1 Rc6 26. h3 h5 27. Qf2 Kf7 28. g3 Rh8 29. Rg2 Ke7 30. a4 Rb6 31. axb5 Bxb5 32. Nd2 Qe8 33. b3 Qc6 34. b4 g6 1-0

[Event "Sunningdale e2e4 U2050 op 05"]
[Site "Sunningdale"]
[Date "2014.05.26"]
[Round "7"]
[White "Osiyemi, Lara"]
[Black "McCabe, Shane"]
[Result "0-1"]
[WhiteElo "1738"]
[BlackElo "1910"]
[PlyCount "130"]
[EventDate "2014.05.23"]
[EventType "swiss"]
[EventRounds "7"]
[EventCountry "ENG"]
[SourceTitle "EXT 2015"]
[Source "ChessBase"]
[SourceDate "2014.11.20"]
[SourceVersion "1"]
[SourceVersionDate "2014.11.20"]
[SourceQuality "1"]

1. d4 d5 2. c4 e6 3. Nc3 Nf6 4. Bg5 Be7 5. Nf3 0-0 6. e3 b6 7. Rc1 Bb7 8. Bd3 dxc4 9. Bxc4 c5 10. 0-0 Nbd7 11. Qe2 h6 12. Bh4 Ne4 13. Bxe7 Qxe7 14. Bd3 Nef6 15. Rfd1 Rfe8 16. e4 cxd4 17. Nxd4 Nc5 18. Bb1 Red8 19. b4 Ncd7 20. e5 Nd5 21. a3 Qg5 22. Nf3 Qh5 23. Rd4 Nxc3 24. Rxc3 Nxe5 25. Qd1 Rxd4 26. Qxd4 Nxf3+ 27. gxf3 Qg5+ 28. Qg4 Qf6 29. Qc4 Rd8 30. Qb3 g6 31. Be4 Qg5+ 32. Kf1 Ba6+ 33. Bd3 Bb7 34. Be4 Ba6+ 35. Bd3 Rxd3 36. Rxd3 Qe5 37. Kg2 Bxd3 38. Qxd3 Qd5 39. Qc3 Qg5+ 40. Kf1 Qe7 41. Ke2 g5 42. Qe5 f6 43. Qd4 Kf7 44. Qd3 f5 45. h3 Qc7 46. Kf1 Qc1+ 47. Kg2 Qc7 48. Qd4 Kg6 49. Qh8 Qg7 50. Qe8+ Qf7 51. Qc6 h5 52. Qc2 Qb7 53. Kg3 Qd7 54. Qc3 Qd1 55. Kg2 g4 56. fxg4 hxg4 57. hxg4 Qxg4+ 58. Kf1 Qd1+ 59. Kg2 f4 60. Qc6 Qd5+ 61. Qxd5 exd5 62. f3 Kf5 63. Kf2 Ke5 64. Ke2 Kd4 65. Kd2 b5 0-1

[Event "London Golders Green op 3rd"]
[Site "London"]
[Date "2014.05.04"]
[Round "6"]
[White "Millward, David J"]
[Black "McCabe, Shane"]
[Result "1-0"]
[WhiteElo "1867"]
[BlackElo "1910"]
[PlyCount "117"]
[EventDate "2014.05.03"]
[EventType "swiss"]
[EventRounds "6"]
[EventCountry "ENG"]
[SourceTitle "EXT 2018"]
[Source "ChessBase"]
[SourceDate "2017.10.13"]
[SourceVersion "1"]
[SourceVersionDate "2017.10.13"]
[SourceQuality "1"]

1. e4 c6 2. d4 d5 3. Nc3 dxe4 4. Nxe4 Nd7 5. Nf3 Ngf6 6. Nxf6+ Nxf6 7. Bc4 e6 8. 0-0 b6 9. c3 Be7 10. Qe2 0-0 11. Bf4 h6 12. h3 Bd6 13. Bxd6 Qxd6 14. Qe5 Rd8 15. Rad1 Bb7 16. Rd2 Rac8 17. Rfd1 Kf8 18. Kf1 Rd7 19. Ke1 Rcd8 20. a3 Re7 21. Kf1 Nd5 22. Re1 c5 23. Qxd6 Rxd6 24. dxc5 bxc5 25. Red1 f6 26. Bb5 Rb6 27. Bc4 Nf4 28. Ne1 Be4 29. f3 Bd5 30. Bxd5 Nxd5 31. Ke2 Reb7 32. Nd3 c4 33. Nb4 Nf4+ 34. Ke3 e5 35. g3 Ne6 36. Rd5 Ke7 37. Ra5 Rb5 38. Rd5 Rxd5 39. Rxd5 h5 40. h4 g6 41. Ke4 Rc7 42. Na6 Rc6 43. Nb4 Rd6 44. Ra5 a6 45. Nd5+ Kf7 46. Ne3 Rd2 47. Nxc4 Rd1 48. b4 Nc7 49. a4 Ke6 50. Nb6 f5+ 51. Ke3 Kd6 52. Rc5 Rb1 53. Nc4+ Kd7 54. Nxe5+ Kd6 55. Nxg6 Nd5+ 56. Kd2 Rb2+ 57. Kc1 Re2 58. Rxd5+ Kxd5 59. Nf4+ 1-0

[Event "Gatwick e2e4 op U1950"]
[Site "Crawley"]
[Date "2013.11.03"]
[Round "5"]
[White "McCabe, Shane"]
[Black "Nwachukwu, Chino"]
[Result "0-1"]
[WhiteElo "1916"]
[BlackElo "1946"]
[PlyCount "146"]
[EventDate "2013.11.01"]
[EventType "swiss"]
[EventRounds "5"]
[EventCountry "ENG"]
[SourceTitle "EXT 2015"]
[Source "ChessBase"]
[SourceDate "2014.11.20"]
[SourceVersion "1"]
[SourceVersionDate "2014.11.20"]
[SourceQuality "1"]

1. Nf3 c5 2. c4 Nf6 3. b3 d6 4. Bb2 e6 5. e3 Be7 6. Be2 0-0 7. 0-0 Nc6 8. d4 d5 9. cxd5 Nxd5 10. Nc3 Nxc3 11. Bxc3 Bf6 12. Rc1 cxd4 13. Nxd4 Ne7 14. Bf3 Nd5 15. Ba1 Qa5 16. Bxd5 Qxd5 17. Nf3 Qa5 18. Bxf6 gxf6 19. Qd4 e5 20. Qh4 Qxa2 21. Qxf6 Qxb3 22. Qg5+ Kh8 23. Qf6+ Kg8 24. Ng5 Qb6 25. Qxe5 Qg6 26. Rc4 h6 27. Nf3 Be6 28. Rf4 Qg7 29. Qh5 Kh7 30. Nd4 Qg5 31. Qf3 Bd5 32. e4 Bc4 33. Rf5 Qg7 34. Rd1 Rad8 35. Rf6 Rg8 36. h3 Be2 37. Nxe2 Rxd1+ 38. Kh2 Rd7 39. Ng3 Qg5 40. Nh5 Rg6 41. Rf5 Qe7 42. Nf6+ Kg7 43. Nxd7 Qxd7 44. e5 Qe7 45. Qe4 b5 46. Qd4 Qe6 47. Rf6 Rxf6 48. exf6+ Qxf6 49. Qxa7 b4 50. Qb8 Qc3 51. f3 b3 52. Qg3+ Kh7 53. Qf4 Kg7 54. Qg3+ Kf8 55. Qb8+ Ke7 56. Qb7+ Ke6 57. Qb6+ Kd7 58. f4 b2 59. Qb7+ Kd6 60. Qb6+ Kd5 61. Qb5+ Ke4 62. Qb7+ Ke3 63. Qe7+ Kd2 64. Qd6+ Kc2 65. Qa6 b1Q 66. Qe2+ Kc1 67. Qf1+ Kb2 68. Qb5+ Ka1 69. Qa4+ Qa2 70. Qd1+ Kb2 71. Qe2+ Kb3 72. Qb5+ Kc2 73. Qe2+ Qd2 0-1

[Event "Bedford e2e4 U2000"]
[Site "Bedford"]
[Date "2013.09.22"]
[Round "4"]
[White "Openshaw, David"]
[Black "McCabe, Shane"]
[Result "0-1"]
[WhiteElo "1918"]
[BlackElo "1890"]
[PlyCount "112"]
[EventDate "2013.09.20"]
[EventType "swiss"]
[EventRounds "5"]
[EventCountry "ENG"]
[SourceTitle "EXT 2023"]
[Source "ChessBase"]
[SourceDate "2022.10.05"]
[SourceVersion "1"]
[SourceVersionDate "2022.10.05"]
[SourceQuality "1"]

1. c4 Nf6 2. Nf3 b6 3. g3 Bb7 4. Bg2 e6 5. 0-0 Be7 6. Nc3 c5 7. d4 0-0 8. e3 d5 9. cxd5 Nxd5 10. Nxd5 Bxd5 11. Bd2 cxd4 12. Nxd4 Bxg2 13. Kxg2 Qd5+ 14. Qf3 Qxf3+ 15. Kxf3 Nd7 16. Rac1 Bf6 17. Rc7 Bxd4 18. exd4 Nf6 19. Rfc1 Nd5 20. Rd7 Rfd8 21. Rxd8+ Rxd8 22. Ke4 Kf8 23. Rc4 Ke7 24. b3 Kd7 25. Ke5 f6+ 26. Ke4 Rc8 27. h4 h5 28. Kd3 Rc7 29. a4 f5 30. Bf4 Rc8 31. Be5 g6 32. Bf4 a6 33. Bc1 b5 34. axb5 axb5 35. Rc5 Nb4+ 36. Kc3 Na2+ 37. Kd2 Rxc5 38. dxc5 Nxc1 39. Kxc1 b4 40. f4 Kc6 41. Kd2 Kxc5 42. Ke3 Kd5 43. Kd3 e5 44. fxe5 Kxe5 45. Ke3 Kd5 46. Kd3 Kc5 47. Ke3 Kd5 48. Kd3 Ke5 49. Ke3 Ke6 50. Ke2 Kf6 51. Kd3 g5 52. Ke3 f4+ 53. gxf4 gxh4 54. Kf3 Kf5 55. Ke3 h3 56. Kf3 h4 0-1

[Event "Bedford e2e4 U2000"]
[Site "Bedford"]
[Date "2013.09.21"]
[Round "3"]
[White "Lawson, Maurice Elliot"]
[Black "McCabe, Shane"]
[Result "0-1"]
[WhiteElo "1922"]
[BlackElo "1890"]
[PlyCount "108"]
[EventDate "2013.09.20"]
[EventType "swiss"]
[EventRounds "5"]
[EventCountry "ENG"]
[SourceTitle "EXT 2023"]
[Source "ChessBase"]
[SourceDate "2022.10.05"]
[SourceVersion "1"]
[SourceVersionDate "2022.10.05"]
[SourceQuality "1"]

1. e4 c6 2. d4 d5 3. exd5 cxd5 4. Bd3 Nc6 5. c3 Qc7 6. f4 Nf6 7. Nf3 Bg4 8. 0-0 e6 9. Qe1 Bxf3 10. Rxf3 Bd6 11. Kh1 Ne7 12. a4 0-0 13. Na3 Bxa3 14. Rxa3 Nf5 15. Rh3 Rfe8 16. Qe2 g6 17. Ra1 Nd6 18. Be3 Nfe4 19. Rg1 f5 20. Rf3 a6 21. Rff1 Rac8 22. Ra1 Qe7 23. Bf2 Rc7 24. Rgc1 Rec8 25. Be1 Qd7 26. Kg1 Qe8 27. Bh4 Qf7 28. Kf1 h6 29. Be1 Kh7 30. Bd2 Qf6 31. g3 Rg7 32. Be3 g5 33. Rc2 Rgc7 34. Rac1 Nc4 35. Kg1 Nxe3 36. Qxe3 gxf4 37. Qxf4 Ng5 38. Kg2 Ne4 39. Rf1 Rf7 40. Re2 Rcf8 41. Bc2 Qg7 42. Re3 Qg6 43. Ref3 Qg7 44. Bxe4 dxe4 45. R3f2 Rd7 46. Kh1 Rg8 47. Qe3 Rd5 48. Rf4 Qg5 49. Qe2 Rd7 50. Qc4 Rg6 51. Qc8 Rdg7 52. Qc5 Qh5 53. Rxe4 Rxg3 54. Qe5 Rg1+ 0-1

[Event "Bedford e2e4 U2000"]
[Site "Bedford"]
[Date "2013.09.20"]
[Round "1"]
[White "McCabe, Shane"]
[Black "Sloan, Cecil"]
[Result "1-0"]
[WhiteElo "1890"]
[BlackElo "1690"]
[PlyCount "121"]
[EventDate "2013.09.20"]
[EventType "swiss"]
[EventRounds "5"]
[EventCountry "ENG"]
[SourceTitle "EXT 2023"]
[Source "ChessBase"]
[SourceDate "2022.10.05"]
[SourceVersion "1"]
[SourceVersionDate "2022.10.05"]
[SourceQuality "1"]

1. d4 Nf6 2. Nf3 e6 3. Bg5 h6 4. Bh4 c5 5. e3 Be7 6. Bd3 cxd4 7. exd4 0-0 8. Nbd2 d6 9. 0-0 Nbd7 10. c3 b6 11. Rc1 Bb7 12. h3 Nd5 13. Bg3 N7f6 14. Re1 Qd7 15. Qe2 Nh5 16. Qe4 Ndf6 17. Qe2 Nxg3 18. fxg3 Rfd8 19. Rcd1 Qc7 20. Ne4 Nxe4 21. Bxe4 Bxe4 22. Qxe4 d5 23. Qg4 Bd6 24. Ne5 Bxe5 25. Rxe5 Qe7 26. Rde1 Rd6 27. Qf3 Rad8 28. g4 Qf6 29. Rf1 Qxf3 30. gxf3 g6 31. f4 f6 32. Re3 Kf7 33. Kf2 Rh8 34. Rfe1 h5 35. g5 f5 36. h4 Rc8 37. Ke2 Ke7 38. Kd2 Kd7 39. b3 b5 40. Rc1 Rdc6 41. Rc2 b4 42. Rd3 a5 43. a3 bxc3+ 44. Rdxc3 Rxc3 45. Rxc3 Rxc3 46. Kxc3 Kc6 47. a4 Kb6 48. b4 Ka6 49. Kb3 Kb6 50. bxa5+ Kxa5 51. Ka3 Ka6 52. Kb4 Kb6 53. a5+ Ka6 54. Ka4 Ka7 55. Kb5 Kb7 56. Kc5 Ka6 57. Kd6 Kxa5 58. Kxe6 Kb4 59. Kxd5 Kc3 60. Ke5 Kd3 61. d5 1-0

[Event "London op Congress August U1900"]
[Site "London"]
[Date "2013.08.26"]
[Round "5"]
[White "McCabe, Shane"]
[Black "Jacob, Sydney J"]
[Result "1-0"]
[WhiteElo "1874"]
[BlackElo "1896"]
[PlyCount "205"]
[EventDate "2013.08.24"]
[EventType "swiss"]
[EventRounds "6"]
[EventCountry "ENG"]
[SourceTitle "EXT 2023"]
[Source "ChessBase"]
[SourceDate "2022.10.05"]
[SourceVersion "1"]
[SourceVersionDate "2022.10.05"]
[SourceQuality "1"]

1. d4 g6 2. Nf3 Bg7 3. Bf4 c5 4. c3 Qb6 5. Qd2 d6 6. e3 Nf6 7. h3 cxd4 8. exd4 h6 9. Bd3 Nd5 10. Bg3 Nc6 11. Na3 Be6 12. Rb1 Nf6 13. Nc4 Bxc4 14. Bxc4 Rc8 15. Bd3 a5 16. Qe2 0-0 17. 0-0 Nd5 18. Bxg6 fxg6 19. Qe6+ Kh7 20. Qxd5 Rf5 21. Qe4 d5 22. Qd3 e5 23. dxe5 Bxe5 24. Nxe5 Nxe5 25. Bxe5 Rxe5 26. Rfd1 Rce8 27. Rd2 Qe6 28. Rf1 Qc6 29. Qf3 R8e7 30. Rfd1 Rf5 31. Qd3 Rfe5 32. Qd4 Qc7 33. Rf1 Qc4 34. Qxc4 dxc4 35. Kh2 Kg7 36. Kg3 Rg5+ 37. Kh2 Rge5 38. Rfd1 b5 39. a3 b4 40. axb4 axb4 41. Rd4 bxc3 42. bxc3 Rc5 43. Rd7 Kf6 44. Rxe7 Kxe7 45. Rd4 Ke6 46. Kg3 Rc6 47. Kf4 Rc5 48. g3 Rc6 49. Ke4 g5 50. Rd8 Ke7 51. Rh8 Kf7 52. Ra8 Re6+ 53. Kf3 Rf6+ 54. Kg2 Rc6 55. Rd8 Ke7 56. Rd4 Kf7 57. f4 gxf4 58. gxf4 Kf6 59. Kf3 h5 60. Rd5 Kg6 61. Ke4 Re6+ 62. Kf3 Re1 63. Rc5 Rf1+ 64. Kg3 Rg1+ 65. Kh4 Kf6 66. Rxc4 Kf5 67. Kxh5 Rg3 68. Kh4 Rf3 69. Rc8 Rxf4+ 70. Kg3 Re4 71. Rf8+ Kg6 72. Rf3 Kg5 73. Kf2 Kh4 74. Re3 Ra4 75. Ke2 Rc4 76. Kd3 Rc8 77. c4 Rd8+ 78. Kc3 Rc8 79. Re5 Kxh3 80. c5 Kg4 81. Kc4 Kf4 82. Re1 Kf5 83. Kb5 Rb8+ 84. Kc6 Rc8+ 85. Kd6 Rd8+ 86. Ke7 Rc8 87. Rc1 Ke5 88. Kd7 Rh8 89. Kc6 Rh6+ 90. Kb5 Rh2 91. Re1+ Kd5 92. Rd1+ Ke5 93. c6 Rb2+ 94. Ka6 Ra2+ 95. Kb7 Rb2+ 96. Kc8 Ke6 97. c7 Ke7 98. Re1+ Kf8 99. Re4 Rb1 100. Kd7 Rd1+ 101. Kc6 Rc1+ 102. Kd6 Rc2 103. Re5 1-0

[Event "London op Congress August U1900"]
[Site "London"]
[Date "2013.08.26"]
[Round "6"]
[White "McCabe, Shane"]
[Black "Porter, Sam J"]
[Result "0-1"]
[WhiteElo "1874"]
[BlackElo "1896"]
[PlyCount "148"]
[EventDate "2013.08.24"]
[EventType "swiss"]
[EventRounds "6"]
[EventCountry "ENG"]
[SourceTitle "EXT 2023"]
[Source "ChessBase"]
[SourceDate "2022.10.05"]
[SourceVersion "1"]
[SourceVersionDate "2022.10.05"]
[SourceQuality "1"]

1. d4 Nf6 2. Nf3 g6 3. Bf4 Bg7 4. h3 0-0 5. e3 c5 6. c3 b6 7. Nbd2 Na6 8. Bc4 Bb7 9. 0-0 cxd4 10. exd4 Nc7 11. Qe2 d6 12. Rfe1 e6 13. Bd3 Ncd5 14. Bh2 Nh5 15. Qd1 Re8 16. Nc4 Ndf4 17. Bf1 b5 18. Ncd2 Bh6 19. Ne4 f5 20. Ned2 a6 21. g3 Nd5 22. Bg2 Rc8 23. a3 Nb6 24. Nh4 Bxg2 25. Nxg2 Nc4 26. Nxc4 bxc4 27. Re2 Nf6 28. f3 e5 29. dxe5 dxe5 30. Kh1 e4 31. f4 Qc7 32. Bg1 Rcd8 33. Bd4 Nh5 34. Kh2 Rd7 35. Qf1 Red8 36. Be5 Qc6 37. Ne3 Bg7 38. Bxg7 Nxg7 39. g4 Rd3 40. Rae1 Qe6 41. Qg2 Kh8 42. Nc2 h5 43. Nd4 Qd6 44. Rf2 Ne6 45. Nxe6 Qxe6 46. gxh5 gxh5 47. Qg5 Qf7 48. Qh6+ Qh7 49. Qf6+ Qg7 50. Qxf5 Qg3+ 51. Kh1 Qxf2 52. Qxh5+ Kg7 53. Rg1+ Rg3 54. Qe5+ Kf7 55. Qf5+ Ke7 56. Qe5+ Kd7 57. Rxg3 Qxg3 58. Qd5+ Ke7 59. Qe5+ Kf7 60. Qc7+ Ke8 61. Qe5+ Kd7 62. Qd5+ Kc7 63. Qc5+ Kb7 64. Qe7+ Kc6 65. Qxd8 Qxh3+ 66. Kg1 Qg3+ 67. Kf1 Qxf4+ 68. Ke1 Qc1+ 69. Ke2 Qxb2+ 70. Ke3 Qxc3+ 71. Kxe4 Qe1+ 72. Kf3 Qf1+ 73. Ke3 Qh3+ 74. Kd4 Qd3+ 0-1

[Event "London op Congress August U1900"]
[Site "London"]
[Date "2013.08.24"]
[Round "1"]
[White "McCabe, Shane"]
[Black "Barker, Gregory"]
[Result "1-0"]
[WhiteElo "1874"]
[BlackElo "1658"]
[PlyCount "97"]
[EventDate "2013.08.24"]
[EventType "swiss"]
[EventRounds "6"]
[EventCountry "ENG"]
[SourceTitle "EXT 2023"]
[Source "ChessBase"]
[SourceDate "2022.10.05"]
[SourceVersion "1"]
[SourceVersionDate "2022.10.05"]
[SourceQuality "1"]

1. d4 c5 2. d5 d6 3. b3 Nf6 4. Bb2 Nbd7 5. Nf3 g6 6. e4 Bg7 7. Bd3 0-0 8. 0-0 c4 9. Bxc4 Nc5 10. Nbd2 Ncxe4 11. Nxe4 Nxe4 12. Bxg7 Kxg7 13. Re1 Nf6 14. h3 Bd7 15. a4 Re8 16. Qd4 h5 17. Rad1 a6 18. Nd2 Qc8 19. Ne4 b5 20. axb5 Bxb5 21. Bxb5 axb5 22. Re2 Qb7 23. c4 bxc4 24. bxc4 Rec8 25. Re3 Qa7 26. Qc3 Qa5 27. Nxf6 exf6 28. Qd4 Qc5 29. Rf3 Qxd4 30. Rxd4 Ra1+ 31. Kh2 Rc1 32. Ra3 R1xc4 33. Rxc4 Rxc4 34. Ra6 Kf8 35. Rxd6 Ke7 36. Ra6 Rd4 37. Ra7+ Kd6 38. Rxf7 Ke5 39. Kg3 Rxd5 40. h4 Kf5 41. f3 Ke6 42. Rg7 g5 43. Rh7 gxh4+ 44. Kxh4 Rb5 45. Rxh5 Rxh5+ 46. Kxh5 Kf7 47. Kh6 Ke6 48. Kg6 f5 49. f4 1-0

[Event "Sunningdale e2e4 op U2050 05"]
[Site "Sunningdale"]
[Date "2013.05.27"]
[Round "6"]
[White "McCabe, Shane"]
[Black "Ackley, Peter JE"]
[Result "1/2-1/2"]
[WhiteElo "1830"]
[BlackElo "2029"]
[PlyCount "148"]
[EventDate "2013.05.24"]
[EventType "swiss"]
[EventRounds "7"]
[EventCountry "ENG"]
[SourceTitle "EXT 2014"]
[Source "ChessBase"]
[SourceDate "2013.11.20"]
[SourceVersion "1"]
[SourceVersionDate "2013.11.20"]
[SourceQuality "1"]

1. d4 e6 2. Nf3 f5 3. Bf4 Nf6 4. e3 Be7 5. h3 b6 6. Bd3 Bb7 7. Nbd2 0-0 8. Qe2 c5 9. c3 Nc6 10. 0-0 d5 11. Ne5 Nxe5 12. Bxe5 c4 13. Bc2 Bd6 14. Nf3 Qc7 15. Bxd6 Qxd6 16. Ne5 Nd7 17. f4 Nxe5 18. fxe5 Qe7 19. Qh5 Bc6 20. Rf2 b5 21. a3 a5 22. Kh2 b4 23. axb4 axb4 24. Rxa8 Rxa8 25. cxb4 g6 26. Qh6 Qxb4 27. Qh4 Qf8 28. g4 Kg7 29. gxf5 exf5 30. Qg3 Kh8 31. Qg5 Qd8 32. Qh6 Qf8 33. Qf4 Qb8 34. Rg2 Ra2 35. Qg5 Qf8 36. Bd1 Ra7 37. Rf2 Qe7 38. Qh6 Qg7 39. Qg5 Qe7 40. Qg3 Ba4 41. Bf3 Bc6 42. Qg2 Qe6 43. Rc2 Rc7 44. Rc3 Rc8 45. Qg5 Kg7 46. Ra3 Ra8 47. Rxa8 Bxa8 48. Qd8 Bc6 49. Qc7+ Kg8 50. h4 h6 51. Kg3 Bd7 52. Qd8+ Kh7 53. Kf4 Kg7 54. Bg2 Bc6 55. Bf3 Bd7 56. Qf6+ Qxf6 57. exf6+ Kxf6 58. Bxd5 g5+ 59. hxg5+ hxg5+ 60. Kg3 Be6 61. Bc6 Ke7 62. Bb5 Kd6 63. Kf3 Bd5+ 64. Ke2 Kc7 65. Kd2 Kb6 66. Bd7 f4 67. exf4 gxf4 68. Kc3 Ka5 69. Bg4 f3 70. Bh3 f2 71. Bf1 Ka4 72. Kd2 Kb3 73. Ke3 c3 74. bxc3 Kxc3 1/2-1/2

[Event "London e2e4 Diamond Jubilee op-C"]
[Site "London"]
[Date "2012.06.05"]
[Round "6"]
[White "Tobisch, John"]
[Black "McCabe, Shane"]
[Result "1-0"]
[WhiteElo "1914"]
[BlackElo "1910"]
[PlyCount "65"]
[EventDate "2012.06.02"]
[EventType "swiss"]
[EventRounds "7"]
[EventCountry "ENG"]
[SourceTitle "EXT 2014"]
[Source "ChessBase"]
[SourceDate "2013.11.20"]
[SourceVersion "1"]
[SourceVersionDate "2013.11.20"]
[SourceQuality "1"]

1. c4 c6 2. Nc3 d5 3. d4 Nf6 4. e3 Bf5 5. Nf3 h6 6. Qb3 Bc8 7. Bd3 e6 8. 0-0 Bd6 9. e4 dxe4 10. Nxe4 Nxe4 11. Bxe4 Nd7 12. Bc2 0-0 13. Qd3 Nf6 14. b3 Re8 15. Bb2 g6 16. Qc3 Be7 17. Rad1 Qc7 18. Ne5 Bd6 19. Rfe1 Bxe5 20. dxe5 Nd7 21. Qh3 Kg7 22. Rd4 c5 23. Rh4 Rh8 24. Bc1 h5 25. Qg3 b6 26. Bg5 Qb8 27. Qf4 Bb7 28. Bf6+ Nxf6 29. Qxf6+ Kg8 30. Bxg6 fxg6 31. Qxg6+ Kf8 32. Rf4+ Ke7 33. Qg7+ 1-0